Multivariable calculus
Αποθηκεύτηκε σε:
| Κύριοι συγγραφείς: | , |
|---|---|
| Μορφή: | Βιβλίο |
| Γλώσσα: | English |
| Δημοσίευση: |
Englewood Cliffs, N.J. :
Prentice Hall,
c1999.
|
| Έκδοση: | 2η έκδ. |
| Θέματα: | |
| Ετικέτες: |
Προσθήκη ετικέτας
Δεν υπάρχουν, Καταχωρήστε ετικέτα πρώτοι!
|
MARC
| LEADER | 00000nam a2200000 a 4500 | ||
|---|---|---|---|
| 001 | 1/126100 | ||
| 008 | 230206r19991995nju| ||| |||| ||eng|| | ||
| 020 | |a 0138639450 | ||
| 040 | |a GR-MyUa |b gre |c GR-MyUa |e AACR2 | ||
| 041 | 0 | |a eng | |
| 082 | 7 | |a 515 |2 (23) | |
| 100 | 1 | |a Bradley, Gerald L., |d 1940- | |
| 245 | 1 | 0 | |a Multivariable calculus / |c Gerald L. Bradley, Karl J. Smith. |
| 250 | |a 2η έκδ. | ||
| 260 | |a Englewood Cliffs, N.J. : |b Prentice Hall, |c c1999. | ||
| 300 | |a xvii, 667-1070, A1-A68, σ. : |b εικ. ; |c 26 εκ. | ||
| 504 | |a Περιέχει βιβλιογραφικές αναφορές και ευρετήριο. | ||
| 650 | 0 | |a Calculus. | |
| 700 | 1 | |a Smith, Karl J. |e aut | |
| 970 | |a Γουβάλα |b Βάσω |z 06-02-2023 | ||